000 01036nmm a2200277 a 4500
001 ocm000660938
003 TR-IsHL
005 20201028142425.0
008 140104s2005 tu tur
007 cr cn
020 _a9789755129952
035 _a660938
_b(N$T)
050 0 4 _aHD9660
_b.H93 2005
090 0 4 _aHD9660
_b.H93 2005
245 1 0 _aHidrojen enerji sistemleri ve Türkiye açısından önemi: Seminer, 01.07.2005
_h[electronic resource]
260 _aİstanbul :
_bİstanbul Ticaret Odası,
_c2005
300 _a42 p.
650 4 _aEnerji
650 4 _aEnergy
650 0 _aHidrojen endüstrisi
_x Türkiye
_x Kongreler
650 0 _aHydrogen industry
_x Turkey
_x Congresses
650 0 _aHidrojen, Yakıt olarak
_x Ekonomik yönleri
_x Türkiye
_x Kongreler
650 0 _aHydrogen as fuel
_x Economic aspects
_x Turkey
_x Congresses
650 7 _aBUSINESS & ECONOMICS / Industries / Energy
_2bisacsh
856 4 0 _uhttp://search.ebscohost.com/login.aspx?direct=true&scope=site&db=e011xww&AN=660938
999 _c8345
_d8345